000 00399pab a2200145 454500
008 180718b2004 xxu||||| |||| 00| 0 eng d
100 _aNuesiri, Emmanuel
245 _aEconomic globalization and institutions of global governance: a response to Griffin
260 _c2004
300 _ap.601-05.
362 _aJun
650 _aGlobalization
773 _aDevelopment and Change
909 _a62117
999 _c62117
_d62117